| 000 | 00454pab a2200169 454500 | ||
|---|---|---|---|
| 008 | 180718b2014 xxu||||| |||| 00| 0 eng d | ||
| 100 | _aRaymond, Bruce C. | ||
| 245 | _aA survey of faculty mentoring programs in AACSB schools of business | ||
| 260 | _c2014 | ||
| 300 | _ap.818-842. | ||
| 362 | _aDec | ||
| 650 | _aManagement education | ||
| 700 | _aKannan, Vijay R. | ||
| 773 | _aJournal of Management Education | ||
| 908 | _aN | ||
| 909 | _a106515 | ||
| 999 |
_c106510 _d106510 |
||